LEADER 01561nas 2200325- 450 001 9910210960503321 005 20130531121043.0 035 $a(OCoLC)660839020 035 $a(CKB)2320000000018470 035 $a(CONSER)--2010207877 035 $a(EXLCZ)992320000000018470 100 $a20100903a20109999 s-- a 101 0 $aeng 135 $aur|||||||| 181 $ctxt$2rdacontent 182 $cc$2rdamedia 183 $acr$2rdacarrier 200 00$aFiction and film for French historians $ea cultural bulletin 210 1$aCharleston, IL :$cH-France,$d2010- 311 $a2157-1783 330 $a"From time to time, individuals write to H-France asking for suggestions about possible fictional materials to assign in a French history course. A flurry of emails follows with recommendations of movies or novels. Sometimes, as in the case of Sofia Coppola's film Marie-Antoinette (2006), a lively debate ensues. Such exchanges suggest the usefulness of "a cultural bulletin" that informs list-members of new novels or films related to the history of France, especially with an eye to their use in the classroom ... That is the purpose of Film and Fiction for French Historians: A Cultural Bulletin." 607 $aFrance$xHistory$vPeriodicals 607 $aFrance$xIn motion pictures$vPeriodicals 607 $aFrance$xStudy and teaching$vPeriodicals 676 $a944.005 712 02$aH-France (Organization) 906 $aJOURNAL 912 $a9910210960503321 996 $aFiction and film for French historians$92070382 997 $aUNINA LEADER 01770nam 2200361 450 001 9910131478403321 005 20240207154051.0 010 $a1-55441-662-0 024 7 $a10.1522/cla.dog.cri 035 $a(CKB)3680000000167838 035 $a(NjHacI)993680000000167838 035 $a(EXLCZ)993680000000167838 100 $a20240207d2005 uy 0 101 0 $afre 135 $aur||||||||||| 181 $ctxt$2rdacontent 182 $cc$2rdamedia 183 $acr$2rdacarrier 200 13$aLa crise et le gouvernement du parti que?be?cois /$fGilles Dostaler 210 1$aChicoutimi :$cJ.-M. Tremblay,$d2005. 215 $a1 online resource 225 1 $aClassiques des sciences sociales 327 $aIntroduction -- -- I. La conjoncture -- -- 1. De la re?cession de 1974 a? celle de 1979 -- 2. Une crise qui s'approfondit depuis dix ans -- (a) La crise du syste?me mone?taire international -- (b) La "Stagflation" -- II. La crise -- -- 1. Les analyses traditionnelles -- 2. Les analyses marxistes -- III. Le Que?bec -- -- 1. E?le?ments structurels -- 2. La conjoncture politique -- 3. L'analyse du gouvernement du parti que?be?cois -- 4. La politique du gouvernement du parti que?be?cois -- (a) La compression des de?penses publiques -- (b) La politique salariale -- (c) Salaire minimum et revenu minimum -- (d) La concertation -- Conclusion. 410 0$aClassiques des sciences sociales. 607 $aQue?bec (Province)$xPolitics and government 676 $a320.971404 700 $aDostaler$b Gilles$0123006 801 0$bNjHacI 801 1$bNjHacl 906 $aBOOK 912 $a9910131478403321 996 $aLa crise et le gouvernement du parti québécois$92076782 997 $aUNINA